| 000 | nam a22 7a 4500 | ||
|---|---|---|---|
| 999 |
_c7223 _d7223 |
||
| 003 | OSt | ||
| 005 | 20190529164944.0 | ||
| 008 | 190529e201902 spc|||| ||||| 0|0 f spa|d | ||
| 017 |
_aDL B 28585-2018 _bBiblioteca de Catalunya |
||
| 020 | _a9788417181611 | ||
| 040 |
_cCDMR _cCDMR |
||
| 100 | 1 |
_aLópez, Alfonso _d1950- _92151 |
|
| 245 | 1 | 0 |
_aLlegará el invierno _c/ Alfonso López, Pepe Gálvez ; prólogo de Andreu Martín |
| 260 |
_aBarcelona : _bNavona Editorial, _c2019 |
||
| 300 |
_a92 p. : _bil; _c24 cm |
||
| 650 | 0 | 7 |
_2lemac _93084 _aHumorisme gràfic |
| 700 | 1 |
_aGálvez, Pepe, _d1950- |
|
| 942 | _cMON | ||